00720 2200253 4500001002100000005001500021035002000036007000300056008004100059020001800100082001000118084001400128084001600142100003700158245006800195250001200263300003900275264005200314336002100366337003000387338002300417990001300440990001300453INLIS00000000112200120260123015639 a0010-0126000100ta260123 0 ind  a9876231539250 a541.3 aPEKI 4315 aD PEKI 43150 aIda Bagus SuryadharmaePengarang1 aIkatan Kimia :b1-6 / PEKI4315 / 2 SKS /cIda Bagus Suryadharma aEdisi 2 a232 halaman :billustrasi ;c27 cm aTangerang Selatan :bUniversitas Terbuka,c2025 2rdacontentaTeks 2rdamediaaTanpa Perantara 2rdacarrieraVolume a26/30068 a26/90068